Normal view
MARC view
- التكنولوجيا -- قوانين وتشريعات
Entry Topical Term
001 - CONTROL NUMBER
- control field: 46753
003 - CONTROL NUMBER IDENTIFIER
- control field: JO-AjAnu
005 - DATE AND TIME OF LATEST TRANSACTION
- control field: 20230606081726.0
008 - FIXED-LENGTH DATA ELEMENTS
- fixed length control field: 230606|| aca||aabn | a|a d
040 ## - CATALOGING SOURCE
- Original cataloging agency: JO-AjAnu
- Transcribing agency: JO-AjAnu
150 ## - HEADING--TOPICAL TERM
- Topical term or geographic name entry element: التكنولوجيا -- قوانين وتشريعات
670 ## - SOURCE DATA FOUND
- Source citation: Work cat.: (JO-AjAnu)23930: إعداد نصار محمد عودة النجيدين؛ محمد يوسف الزعبي , author 46752, مدى حجية الوسائل التكنولوجية الحديثة في إثبات المواد المدنية " دراسة مقارنة"